| 000 | 01226cab a2200241 4500 | ||
|---|---|---|---|
| 001 | ABS67926 | ||
| 008 | 040623n2004 000 0 eng u | ||
| 035 | _a(Sirsi) u126570 | ||
| 100 | _aFidderman, H. | ||
| 245 | _aHealth and safety: the state of play | ||
| 260 | _c2004 | ||
| 490 |
_aHealth and Safety Bulletin _v (329) June 2004, 8-14(7) |
||
| 520 | _aCompiled by the "Health and Safety Bulletin" in its state of play table, this article reviews all the activities and developments affecting both the Health and Safety Commission and the HSE over the period 11 December 2003 to 13 May 2004. Subject areas covered include: accidents; asbestos; construction; corporate social responsibility; fire; insurance; and noise. The table also gives details of the latest position with regard to legislative proposals and provides advance notice of important developments in health and safety. | ||
| 590 | _aABS | ||
| 650 | _aACCIDENTS | ||
| 650 | _aMANAGEMENT-HEALTH AND SAFETY-HAZARDOUS SUBSTANCES-ASBESTOS | ||
| 650 | _aHEALTH AND SAFETY COMMISSION | ||
| 650 | _aHEALTH AND SAFETY EXECUTIVE | ||
| 650 | _aLEGISLATION | ||
| 650 | _aCORPORATE SOCIAL RESPONSIBILITY | ||
| 690 |
_aHEALTH AND SAFETY _96244 |
||
| 942 | _n0 | ||
| 999 |
_c74436 _d74436 |
||